[Event "Lienz op 21st"]
[Site "Lienz"]
[Date "2023.02.16"]
[Round "7"]
[White "Wischounig, Laurin"]
[Black "Kjartansson, Gudmundur"]
[Result "0-1"]
[WhiteElo "1993"]
[BlackElo "2453"]
[PlyCount "52"]
[EventDate "2023.02.11"]
[EventType "swiss"]
[EventRounds "9"]
[EventCountry "AUT"]
[SourceTitle "CBM 212 Extra"]
[Source "ChessBase"]
[SourceDate "2023.03.31"]
[SourceVersion "1"]
[SourceVersionDate "2023.03.31"]
[SourceQuality "1"]

1. d4 Nf6 2. c4 g6 3. Nc3 d5 4. Nf3 Bg7 5. e3 0-0 6. Qb3 e6 7. cxd5 exd5 8. Bd2 b6 9. Be2 c5 10. 0-0 Re8 11. Ne5 Bb7 12. Rfd1 Nc6 13. Nxc6 Bxc6 14. Rac1 c4 15. Qc2 b5 16. a3 a5 17. Na2 b4 18. axb4 axb4 19. Nxb4 Ba4 20. Qb1 Bxd1 21. Bxd1 Qd6 22. b3 cxb3 23. Qxb3 Reb8 24. Qc3 Ne4 25. Qd3 Nxd2 26. Qxd2 Rxb4 0-1

[Event "Tirol Landesliga 2223"]
[Site "Austria"]
[Date "2022.11.27"]
[Round "4.6"]
[White "Schwarz, Benedikt"]
[Black "Wischounig, Laurin"]
[Result "1/2-1/2"]
[WhiteElo "1834"]
[BlackElo "1959"]
[PlyCount "61"]
[EventDate "2022.10.01"]
[EventType "team-tourn"]
[EventRounds "9"]
[EventCountry "AUT"]
[SourceTitle "EXT 2024"]
[Source "ChessBase"]
[SourceDate "2023.10.10"]
[SourceVersion "1"]
[SourceVersionDate "2023.10.10"]
[SourceQuality "1"]
[WhiteTeam "Absam"]
[BlackTeam "Jenbach"]
[WhiteTeamCountry "AUT"]
[BlackTeamCountry "AUT"]

1. d4 d5 2. Bf4 c5 3. e3 Nc6 4. c3 Qb6 5. Qb3 c4 6. Qc2 e5 7. dxe5 Bf5 8. Qc1 g5 9. Bg3 h5 10. h4 g4 11. Nd2 Bg7 12. e4 Bxe4 13. Nxe4 dxe4 14. Bxc4 Qc5 15. Bb3 0-0-0 16. Qe3 Qxe3+ 17. fxe3 Bxe5 18. Ne2 Nh6 19. Rf1 Rd3 20. Bf4 Bxf4 21. Rxf4 Rxe3 22. Bc2 Ne5 23. Rxe4 Rxe4 24. Bxe4 Re8 25. b3 f5 26. Bc2 f4 27. Kf2 g3+ 28. Kf1 Neg4 29. Bg6 Nh2+ 30. Ke1 Re6 31. Bxh5 1/2-1/2

[Event "Tirol Landesliga 2223"]
[Site "Austria"]
[Date "2022.11.26"]
[Round "3.5"]
[White "Novikova, Margarita"]
[Black "Wischounig, Laurin"]
[Result "1-0"]
[WhiteElo "2015"]
[BlackElo "1959"]
[PlyCount "83"]
[EventDate "2022.10.01"]
[EventType "team-tourn"]
[EventRounds "9"]
[EventCountry "AUT"]
[SourceTitle "EXT 2024"]
[Source "ChessBase"]
[SourceDate "2023.10.10"]
[SourceVersion "1"]
[SourceVersionDate "2023.10.10"]
[SourceQuality "1"]
[WhiteTeam "Rochade Rum"]
[BlackTeam "Jenbach"]
[WhiteTeamCountry "AUT"]
[BlackTeamCountry "AUT"]

1. d4 d5 2. Nf3 Nf6 3. Bf4 c5 4. c3 Nc6 5. e3 Qb6 6. Qb3 c4 7. Qxb6 axb6 8. Nbd2 b5 9. Ne5 b4 10. Nxc6 bxc6 11. e4 bxc3 12. bxc3 Ra3 13. Nb1 Ra4 14. e5 Nd7 15. Be2 e6 16. 0-0 c5 17. Be3 Be7 18. f4 0-0 19. g4 Bb7 20. Bd1 Ra5 21. f5 Rfa8 22. Rf2 Bc6 23. Rb2 Kf8 24. fxe6 fxe6 25. g5 Ke8 26. Bg4 Nf8 27. h4 Kd7 28. h5 Rb5 29. Rxb5 Bxb5 30. Bd1 cxd4 31. cxd4 Ba3 32. Nxa3 Rxa3 33. Kf2 Kc6 34. Bc2 g6 35. hxg6 Nxg6 36. Bc1 Rc3 37. Bd1 Rd3 38. Be3 Ra3 39. Bc1 Ra8 40. a4 Kb6 41. Rb1 Ra5 42. Bd2 1-0

[Event "AUT-chT2W 2223"]
[Site "Austria"]
[Date "2022.11.13"]
[Round "5.6"]
[White "Natter, Markus"]
[Black "Wischounig, Laurin"]
[Result "1-0"]
[WhiteElo "1975"]
[BlackElo "1959"]
[PlyCount "85"]
[EventDate "2022.09.23"]
[EventType "team-tourn"]
[EventRounds "11"]
[EventCountry "AUT"]
[SourceTitle "CBM 213 Extra"]
[Source "ChessBase"]
[SourceDate "2023.05.31"]
[SourceVersion "1"]
[SourceVersionDate "2023.05.31"]
[SourceQuality "1"]
[WhiteTeam "Lustenau"]
[BlackTeam "Jenbach II"]
[WhiteTeamCountry "AUT"]
[BlackTeamCountry "AUT"]

1. d4 d5 2. Nf3 Nf6 3. c4 c6 4. e3 a6 5. Nbd2 Bf5 6. Nh4 e6 7. Nxf5 exf5 8. Bd3 Ne4 9. 0-0 b5 10. cxd5 cxd5 11. f3 Nd6 12. Qb3 Nc4 13. Bxf5 Nc6 14. a3 Bd6 15. f4 0-0 16. Nf3 g6 17. Bh3 f6 18. Be6+ Kg7 19. Bxd5 N6a5 20. Qd3 Rc8 21. Be6 Rc7 22. b3 Nb6 23. Bd2 Nb7 24. Bh3 Qe7 25. a4 Nd5 26. axb5 axb5 27. Rfe1 b4 28. g3 f5 29. Bg2 Rfc8 30. Ne5 Qe6 31. Nc4 Nf6 32. Ra6 Ne4 33. Rea1 Qd5 34. Nb6 Qe6 35. Nxc8 Qxc8 36. Bxe4 fxe4 37. Qxe4 Rc2 38. Ra7 Rxd2 39. Qxb7+ Qxb7 40. Rxb7+ Kf6 41. Ra6 Kf5 42. Rxd6 Ke4 43. Rc6 1-0

[Event "AUT-chT2W 2122"]
[Site "Austria"]
[Date "2022.06.05"]
[Round "8.5"]
[White "Wischounig, Laurin"]
[Black "Haselsberger, Armin"]
[Result "1-0"]
[WhiteElo "1849"]
[BlackElo "1536"]
[PlyCount "81"]
[EventDate "2021.10.15"]
[EventType "team-tourn"]
[EventRounds "11"]
[EventCountry "AUT"]
[SourceTitle "EXT 2023"]
[Source "ChessBase"]
[SourceDate "2022.10.05"]
[SourceVersion "1"]
[SourceVersionDate "2022.10.05"]
[SourceQuality "1"]
[WhiteTeam "Jenbach II"]
[BlackTeam "Kufstein/Woergl"]
[WhiteTeamCountry "AUT"]
[BlackTeamCountry "AUT"]

1. d4 Nf6 2. c4 e6 3. Nf3 d5 4. g3 Bb4+ 5. Bd2 Be7 6. Bg2 c6 7. 0-0 0-0 8. Qc2 b6 9. Rd1 Nbd7 10. Nc3 Bb7 11. Bf4 Nh5 12. Bc1 Nhf6 13. e4 Nxe4 14. Nxe4 dxe4 15. Qxe4 Nf6 16. Qc2 Qc7 17. Bf4 Bd6 18. Bxd6 Qxd6 19. c5 bxc5 20. dxc5 Qc7 21. Rd6 Rfd8 22. Rad1 Nd5 23. Ng5 g6 24. Ne4 Qe7 25. Qa4 Rab8 26. b4 Ba8 27. a3 a5 28. bxa5 Qc7 29. Qd4 Rxd6 30. Nxd6 Qxa5 31. Bxd5 cxd5 32. Nxf7 Qc7 33. Nh6+ Kf8 34. Qf6+ Ke8 35. Qxe6+ Qe7 36. Qg8+ Qf8 37. Re1+ Kd7 38. Qxh7+ Kc6 39. Qxg6+ Kxc5 40. Qc2+ Kd6 41. Nf5+ 1-0

[Event "AUT-ch U18 Online Rapid"]
[Site "Playchess.com INT"]
[Date "2020.12.13"]
[Round "1"]
[White "Leisch, Lukas"]
[Black "Wischounig, Laurin"]
[Result "1-0"]
[WhiteElo "2030"]
[BlackElo "1620"]
[PlyCount "53"]
[EventDate "2020.12.13"]
[EventType "swiss (rapid)"]
[EventRounds "7"]
[EventCountry "AUT"]
[SourceTitle "EXT 2022"]
[Source "ChessBase"]
[SourceDate "2021.10.06"]
[SourceVersion "1"]
[SourceVersionDate "2021.10.06"]
[SourceQuality "1"]

1. Nf3 d5 2. b3 Bg4 3. Bb2 Nf6 4. d3 e6 5. Nbd2 Be7 6. h3 Bh5 7. g4 Bg6 8. Ne5 Nbd7 9. Ndf3 Nxe5 10. Nxe5 Bd6 11. e3 Bxe5 12. Bxe5 h6 13. Qf3 0-0 14. Bxf6 Qxf6 15. Qxf6 gxf6 16. Bg2 Kg7 17. f4 f5 18. Kd2 Rac8 19. Rag1 Kh7 20. Bf3 f6 21. gxf5 Bxf5 22. h4 Rg8 23. h5 c6 24. e4 dxe4 25. dxe4 Rxg1 26. Rxg1 Bh3 27. Rh1 1-0

[Event "AUT-ch U18 Online Rapid"]
[Site "Playchess.com INT"]
[Date "2020.12.13"]
[Round "2"]
[White "Wischounig, Laurin"]
[Black "Hottenroth, Jonas"]
[Result "0-1"]
[WhiteElo "1617"]
[BlackElo "1758"]
[PlyCount "54"]
[EventDate "2020.12.13"]
[EventType "swiss (rapid)"]
[EventRounds "7"]
[EventCountry "AUT"]
[SourceTitle "EXT 2022"]
[Source "ChessBase"]
[SourceDate "2021.10.06"]
[SourceVersion "1"]
[SourceVersionDate "2021.10.06"]
[SourceQuality "1"]

1. d4 Nf6 2. c4 g6 3. Nc3 Bg7 4. e4 d6 5. Nf3 0-0 6. Be3 e5 7. d5 a5 8. Be2 Nh5 9. Nd2 Nf4 10. Bxf4 exf4 11. 0-0 Nd7 12. Nf3 Re8 13. Qc2 g5 14. Rad1 g4 15. Nd4 Ne5 16. Nf5 f3 17. gxf3 gxf3 18. Kh1 fxe2 19. Qxe2 Bxf5 20. exf5 Qg5 21. f4 Qxf5 22. fxe5 Qxe5 23. Qf3 Re7 24. Rg1 Kh8 25. Rd2 Qf6 26. Qg2 Rae8 27. Ne4 Rxe4 0-1

[Event "AUT-ch U18 Online Blitz"]
[Site "Playchess.com INT"]
[Date "2020.12.11"]
[Round "7"]
[White "Wischounig, Laurin"]
[Black "Bauer, Sebastian1111"]
[Result "0-1"]
[WhiteElo "1623"]
[BlackElo "2022"]
[PlyCount "68"]
[EventDate "2020.12.11"]
[EventType "swiss (blitz)"]
[EventRounds "7"]
[EventCountry "AUT"]
[SourceTitle "EXT 2022"]
[Source "ChessBase"]
[SourceDate "2021.10.06"]
[SourceVersion "1"]
[SourceVersionDate "2021.10.06"]
[SourceQuality "1"]

1. d4 Nf6 2. c4 g6 3. Nc3 Bg7 4. e4 d6 5. Nf3 0-0 6. Be3 e5 7. d5 Na6 8. Be2 Nc5 9. Nd2 a5 10. a3 c6 11. b4 axb4 12. axb4 Rxa1 13. Qxa1 Na6 14. b5 Nb4 15. Qb2 c5 16. Na2 Nxa2 17. Qxa2 Ng4 18. Bxg4 Bxg4 19. 0-0 Bc8 20. Ra1 f5 21. f3 g5 22. exf5 Bxf5 23. Qa7 Bc8 24. Ne4 h6 25. Nxc5 dxc5 26. Bxc5 Re8 27. d6 e4 28. Rd1 Qd7 29. Bb4 e3 30. c5 Qxb5 31. Qa2+ Kh8 32. Be1 e2 33. Rc1 Bd7 34. Qd2 Qb2 0-1

[Event "AUT-ch Zwisch Internet"]
[Site "Playchess.com INT"]
[Date "2020.05.02"]
[Round "4"]
[White "Kern, Michael"]
[Black "Wischounig, Laurin"]
[Result "0-1"]
[WhiteElo "1957"]
[BlackElo "1878"]
[PlyCount "78"]
[EventDate "2020.05.02"]
[EventType "swiss (blitz)"]
[EventRounds "13"]
[EventCountry "AUT"]
[SourceTitle "CBM 195 Extra"]
[Source "ChessBase"]
[SourceDate "2020.05.31"]
[SourceVersion "1"]
[SourceVersionDate "2020.05.31"]
[SourceQuality "1"]

1. d4 d5 2. Bf4 Nf6 3. e3 c5 4. c3 Nc6 5. Nd2 Bf5 6. Ngf3 e6 7. Qb3 Qb6 8. Qxb6 axb6 9. Bb5 Nh5 10. Bc7 Rc8 11. Bxb6 cxd4 12. exd4 Bd6 13. Ne5 Bxe5 14. dxe5 Nf4 15. 0-0 Bd3 16. Bxd3 Nxd3 17. f4 Nxb2 18. Rab1 Na4 19. Ba5 Nxa5 20. Rb4 Nxc3 21. a3 0-0 22. Nf3 Rc4 23. Rxc4 Nxc4 24. Nd4 Ra8 25. Nc2 Nxa3 26. Ra1 Ncb5 27. Kf2 Ra7 28. Nb4 Ra4 29. Nc2 Rxf4+ 30. Kg3 Ra4 31. h4 h5 32. Kh3 Rc4 33. Nxa3 Rc3+ 34. Kh2 Rxa3 35. Rb1 Nd4 36. Rxb7 Nc6 37. Rc7 Nxe5 38. Rc8+ Kh7 39. Rc3 Rxc3 0-1

[Event "AUT-ch Vor3 Internet"]
[Site "Playchess.com INT"]
[Date "2020.04.17"]
[Round "2"]
[White "Schernthaner, David"]
[Black "Wischounig, Laurin"]
[Result "1-0"]
[WhiteElo "2220"]
[BlackElo "1878"]
[PlyCount "45"]
[EventDate "2020.04.17"]
[EventType "swiss (blitz)"]
[EventRounds "9"]
[EventCountry "AUT"]
[SourceTitle "CBM 195 Extra"]
[Source "ChessBase"]
[SourceDate "2020.05.31"]
[SourceVersion "1"]
[SourceVersionDate "2020.05.31"]
[SourceQuality "1"]

1. e4 c6 2. d4 d5 3. Nd2 dxe4 4. Nxe4 Bf5 5. Qf3 e6 6. Ne2 Nf6 7. Nxf6+ Qxf6 8. Qb3 b6 9. Be3 Be7 10. Ng3 Bg6 11. h4 h6 12. h5 Bh7 13. Bd3 Bxd3 14. Qxd3 0-0 15. 0-0-0 Nd7 16. Ne4 Qf5 17. g4 Qxg4 18. Rdg1 Qf5 19. Bxh6 Nf6 20. Qg3 Ne8 21. f3 Bf6 22. Nxf6+ Qxf6 23. Bxg7 1-0

[Event "AUT-ch Vor2 Internet"]
[Site "Playchess.com INT"]
[Date "2020.04.13"]
[Round "1"]
[White "Wischounig, Laurin"]
[Black "Gartmayer, Stefan"]
[Result "0-1"]
[WhiteElo "1878"]
[BlackElo "1914"]
[PlyCount "67"]
[EventDate "2020.04.13"]
[EventType "swiss (blitz)"]
[EventRounds "9"]
[EventCountry "AUT"]
[SourceTitle "CBM 195 Extra"]
[Source "ChessBase"]
[SourceDate "2020.05.31"]
[SourceVersion "1"]
[SourceVersionDate "2020.05.31"]
[SourceQuality "1"]

1. d4 d5 2. c4 e6 3. Nf3 c5 4. g3 Nc6 5. Bg2 Nf6 6. 0-0 cxd4 7. Nxd4 Be7 8. cxd5 exd5 9. Nc3 0-0 10. Bg5 Bg4 11. Rc1 Qd7 12. Qd2 Rad8 13. Rfd1 Rfe8 14. a3 Na5 15. Nf3 Nc4 16. Qc2 h6 17. Ne5 Nxe5 18. Bf4 Ng6 19. h3 Bxh3 20. Be3 Bxg2 21. Kxg2 Qe6 22. Bxa7 b6 23. Nb5 Bc5 24. Nc7 Qxe2 25. Nxe8 Qxe8 26. b4 Bxf2 27. Qxf2 Ng4 28. Qxb6 Qe2+ 29. Kg1 Qh2+ 30. Kf1 Qh1+ 31. Ke2 Re8+ 32. Kd3 Qe4+ 33. Kc3 Qc4+ 34. Kb2 0-1

[Event "AUT-ch Vor1 Internet"]
[Site "Playchess.com INT"]
[Date "2020.04.11"]
[Round "1"]
[White "Moerwald, Miriam"]
[Black "Wischounig, Laurin"]
[Result "0-1"]
[WhiteElo "1760"]
[BlackElo "1878"]
[PlyCount "80"]
[EventDate "2020.04.11"]
[EventType "swiss (blitz)"]
[EventRounds "9"]
[EventCountry "AUT"]
[SourceTitle "CBM 195 Extra"]
[Source "ChessBase"]
[SourceDate "2020.05.31"]
[SourceVersion "1"]
[SourceVersionDate "2020.05.31"]
[SourceQuality "1"]

1. e4 c6 2. Nc3 d5 3. Nf3 Bg4 4. Be2 e6 5. d4 Nd7 6. 0-0 Bb4 7. Qd3 Ne7 8. a3 Bxc3 9. bxc3 dxe4 10. Qxe4 Nf6 11. Qd3 Bf5 12. Qd1 0-0 13. Bg5 h6 14. Bxf6 gxf6 15. Qd2 Kh7 16. Nh4 Bg6 17. Bd3 Bxd3 18. Qxd3+ f5 19. Rfe1 Rg8 20. Nf3 Nd5 21. g3 Rg7 22. Ne5 Qf6 23. c4 Nf4 24. Qe3 Ng6 25. Nxg6 Rxg6 26. Qe5 Qg5 27. Rad1 Rd8 28. Qe3 Qe7 29. Qe5 Qxa3 30. Qc7 Rf8 31. Qxb7 f4 32. Qxc6 fxg3 33. hxg3 Rfg8 34. Qf3 Qxf3 35. Re3 Qxe3 36. fxe3 Rxg3+ 37. Kf2 Rg2+ 38. Ke1 Rxc2 39. Rd2 Rg1+ 40. Ke2 Rg2+ 0-1

[Event "AUT-ch Vor1 Internet"]
[Site "Playchess.com INT"]
[Date "2020.04.11"]
[Round "9"]
[White "Stolzlechner, Thomas"]
[Black "Wischounig, Laurin"]
[Result "0-1"]
[WhiteElo "2037"]
[BlackElo "1878"]
[PlyCount "124"]
[EventDate "2020.04.11"]
[EventType "swiss (blitz)"]
[EventRounds "9"]
[EventCountry "AUT"]
[SourceTitle "CBM 195 Extra"]
[Source "ChessBase"]
[SourceDate "2020.05.31"]
[SourceVersion "1"]
[SourceVersionDate "2020.05.31"]
[SourceQuality "1"]

1. e4 c6 2. Nc3 d5 3. Nf3 Bg4 4. h3 Bxf3 5. Qxf3 e6 6. d3 Nd7 7. Be2 Bc5 8. 0-0 Ne7 9. Qg3 Ng6 10. Kh1 0-0 11. Bh5 Bd4 12. Ne2 Bf6 13. f4 Qb6 14. f5 exf5 15. exf5 Ne7 16. Nf4 Nxf5 17. Qg4 g6 18. Nxg6 fxg6 19. Bxg6 Ne5 20. Qxf5 Nxg6 21. Qe6+ Kg7 22. Rxf6 Rxf6 23. Bh6+ Kxh6 24. Qxf6 Rf8 25. Qd6 Qf2 26. Rg1 Qf4 27. Qd7 Rf7 28. Qe8 Kg7 29. Qd8 Qf6 30. Qa5 a6 31. Qd2 Qxb2 32. d4 Rf4 33. Re1 Qxd4 34. Qe2 Qe4 35. Qd1 Qf5 36. Qa1+ Qf6 37. Qd1 Rf2 38. Qh5 Rf1+ 39. Rxf1 Qxf1+ 40. Kh2 Qf4+ 41. Kh1 Qe5 42. Qf3 Qf4 43. Qc3+ Qf6 44. Qc5 Qe7 45. Qb6 Qe1+ 46. Kh2 Qe7 47. Qd4+ Qe5+ 48. Qxe5+ Nxe5 49. Kg3 Kf6 50. Kf4 Nc4 51. g4 h6 52. g5+ hxg5+ 53. Kf3 Kf5 54. Ke2 Kf4 55. Kd3 Kg3 56. Kd4 Kxh3 57. Kc5 g4 58. a4 g3 59. a5 g2 60. c3 g1Q+ 61. Kb4 Qb1+ 62. Ka4 Qb5# 0-1

[Event "AUT-ch Vor1 Internet"]
[Site "Playchess.com INT"]
[Date "2020.04.11"]
[Round "4"]
[White "Wischounig, Laurin"]
[Black "Freitag, Manfred"]
[Result "0-1"]
[WhiteElo "1878"]
[BlackElo "2356"]
[PlyCount "60"]
[EventDate "2020.04.11"]
[EventType "swiss (blitz)"]
[EventRounds "9"]
[EventCountry "AUT"]
[SourceTitle "CBM 195 Extra"]
[Source "ChessBase"]
[SourceDate "2020.05.31"]
[SourceVersion "1"]
[SourceVersionDate "2020.05.31"]
[SourceQuality "1"]

1. d4 Nf6 2. c4 g6 3. Nc3 d5 4. e3 Bg7 5. Nf3 0-0 6. Qb3 dxc4 7. Bxc4 e6 8. 0-0 a6 9. Bd2 b5 10. Be2 Bb7 11. Rac1 Nbd7 12. Rfd1 Qe7 13. Nb1 Rfc8 14. Bb4 Qd8 15. Bc5 Ne4 16. Nc3 Nexc5 17. dxc5 Qe7 18. Qb4 Bf8 19. Ne4 Bxe4 20. Qxe4 Nxc5 21. Qd4 Rd8 22. Qc3 Na4 23. Qxc7 Qxc7 24. Rxc7 Rxd1+ 25. Bxd1 Nxb2 26. Bb3 a5 27. Rb7 a4 28. Bc2 b4 29. Ne5 b3 30. Bb1 Rc8 0-1

[Event "AUT-ch Vor1 Internet"]
[Site "Playchess.com INT"]
[Date "2020.04.11"]
[Round "2"]
[White "Wischounig, Laurin"]
[Black "Kern, Michael"]
[Result "1/2-1/2"]
[WhiteElo "1878"]
[BlackElo "1957"]
[PlyCount "93"]
[EventDate "2020.04.11"]
[EventType "swiss (blitz)"]
[EventRounds "9"]
[EventCountry "AUT"]
[SourceTitle "CBM 195 Extra"]
[Source "ChessBase"]
[SourceDate "2020.05.31"]
[SourceVersion "1"]
[SourceVersionDate "2020.05.31"]
[SourceQuality "1"]

1. d4 f5 2. Nf3 e6 3. g3 Nf6 4. Bg2 Be7 5. 0-0 0-0 6. b3 d6 7. Bb2 a5 8. c4 Ne4 9. Nfd2 d5 10. f3 Nxd2 11. Nxd2 a4 12. e4 fxe4 13. fxe4 axb3 14. axb3 Rxf1+ 15. Qxf1 Rxa1 16. Bxa1 dxe4 17. Bxe4 Bf6 18. Nf3 Nc6 19. Qd3 Kh8 20. Bc3 h6 21. d5 exd5 22. Bxd5 Bxc3 23. Qxc3 Qf6 24. Qxf6 gxf6 25. Bxc6 bxc6 26. Nd4 Bd7 27. Kf2 Kg7 28. Ke3 Kg6 29. Kf4 h5 30. h4 c5 31. Nc2 Bg4 32. Ne3 Be6 33. Nf1 Bg4 34. Nd2 Bd1 35. Ke4 Bc2+ 36. Kf4 Kh6 37. g4 hxg4 38. Kxg4 Kg6 39. Kf4 Kh5 40. Ne4 Bxb3 41. Nxf6+ Kxh4 42. Nd7 Bxc4 43. Nxc5 Kh5 44. Ke5 Kg6 45. Ne6 c6 46. Kd6 Bxe6 47. Kxc6 1/2-1/2

[Event "AUT-chT2W 1920"]
[Site "Austria"]
[Date "2020.01.18"]
[Round "7.6"]
[White "Wischounig, Laurin"]
[Black "Wollrab, Richard"]
[Result "0-1"]
[WhiteElo "1938"]
[BlackElo "2107"]
[PlyCount "92"]
[EventDate "2019.10.04"]
[EventType "team-tourn"]
[EventRounds "11"]
[EventCountry "AUT"]
[SourceTitle "CBM 195 Extra"]
[Source "ChessBase"]
[SourceDate "2020.05.31"]
[SourceVersion "1"]
[SourceVersionDate "2020.05.31"]
[SourceQuality "1"]
[WhiteTeam "Jenbach II"]
[BlackTeam "Salzburg ASK"]
[WhiteTeamCountry "AUT"]
[BlackTeamCountry "AUT"]

1. d4 Nf6 2. c4 c5 3. d5 b5 4. cxb5 a6 5. bxa6 Bxa6 6. Nc3 g6 7. e4 Bxf1 8. Kxf1 d6 9. Nf3 Bg7 10. g3 0-0 11. Kg2 Nbd7 12. a4 Qa5 13. Ra3 Rfb8 14. Qc2 Nb6 15. b3 Qb4 16. Bb2 Nc4 17. bxc4 Qxb2 18. Qxb2 Rxb2 19. Rb1 Rxb1 20. Nxb1 Nxe4 21. Re3 f5 22. Ra3 Kf7 23. Nbd2 Nxd2 24. Nxd2 e6 25. dxe6+ Kxe6 26. Kf3 d5 27. Ke3 Bd4+ 28. Ke2 Kd6 29. f3 Re8+ 30. Kd1 Bg1 31. Rd3 d4 32. h3 Bf2 33. g4 Re1+ 34. Kc2 Ra1 35. Rb3 Ra2+ 36. Kd3 Rxa4 37. Rb7 Be3 38. Nf1 Ra3+ 39. Ke2 Ra2+ 40. Kd3 Ra3+ 41. Ke2 Ra2+ 42. Kd3 Rf2 43. Nxe3 Rxf3 44. Rb6+ Kc7 45. Ra6 Rxe3+ 46. Kd2 Rxh3 0-1

[Event "Innsbruck op 3rd"]
[Site "Innsbruck"]
[Date "2019.08.27"]
[Round "4"]
[White "Kornitzky, Tino"]
[Black "Wischounig, Laurin"]
[Result "1-0"]
[WhiteElo "2057"]
[BlackElo "2017"]
[PlyCount "87"]
[EventDate "2019.08.25"]
[EventType "swiss"]
[EventRounds "9"]
[EventCountry "AUT"]
[SourceTitle "EXT 2020"]
[Source "ChessBase"]
[SourceDate "2019.10.17"]
[SourceVersion "1"]
[SourceVersionDate "2019.10.17"]
[SourceQuality "1"]

1. d4 Nf6 2. c4 c5 3. d5 b5 4. cxb5 a6 5. bxa6 g6 6. Nc3 Bg7 7. a7 Rxa7 8. e4 e6 9. Nf3 0-0 10. Be2 exd5 11. exd5 d6 12. 0-0 Bb7 13. Bf4 Re8 14. a4 Ne4 15. Ra3 Na6 16. Bb5 Nxc3 17. bxc3 Re4 18. Bg5 Qa8 19. Bd3 Re8 20. Bb5 Re4 21. c4 Nc7 22. Re3 Nxb5 23. axb5 Rxe3 24. fxe3 Bc8 25. Nd2 Ra2 26. Ne4 Be5 27. Qf3 f5 28. Nf6+ Kg7 29. Qh3 h5 30. Qh4 Rc2 31. Ne8+ Kf7 32. Bd8 Qa2 33. Qg5 Qb2 34. Nc7 Bd7 35. Ne6 Bf6 36. Bxf6 Qxf6 37. Qxf6+ Kxf6 38. Rb1 Rxc4 39. b6 Bc8 40. b7 Bxb7 41. Rxb7 Rc1+ 42. Kf2 Rd1 43. Rd7 Rxd5 44. Nf4 1-0

[Event "AUT-ch U18"]
[Site "Sankt Veit an der Glan"]
[Date "2019.04.15"]
[Round "3"]
[White "Leisch, Lukas"]
[Black "Wischounig, Laurin"]
[Result "1-0"]
[WhiteElo "2241"]
[BlackElo "1989"]
[PlyCount "51"]
[EventDate "2019.04.14"]
[EventType "swiss"]
[EventRounds "7"]
[EventCountry "AUT"]
[SourceTitle "CBM 190 Extra"]
[Source "ChessBase"]
[SourceDate "2019.07.15"]
[SourceVersion "1"]
[SourceVersionDate "2019.07.15"]
[SourceQuality "1"]

1. c4 c6 2. Nf3 d5 3. e3 Nf6 4. Nc3 a6 5. b3 Bg4 6. h3 Bh5 7. Bb2 e6 8. g4 Bg6 9. Ne5 Nbd7 10. Nxg6 hxg6 11. Bg2 b5 12. cxd5 cxd5 13. Ne2 g5 14. Rc1 Nc5 15. Qc2 Bd6 16. Bd4 Ncd7 17. a4 bxa4 18. bxa4 Ke7 19. f4 gxf4 20. exf4 Rc8 21. Qb2 Qa5 22. 0-0 Bc5 23. Bxc5+ Nxc5 24. d4 Nd3 25. Qb7+ Nd7 26. Rxc8 1-0

[Event "Innsbruck op-B 2nd"]
[Site "Innsbruck"]
[Date "2018.08.29"]
[Round "6"]
[White "Wischounig, Laurin"]
[Black "Pernerstorfer, Max"]
[Result "1/2-1/2"]
[WhiteElo "1900"]
[BlackElo "1955"]
[PlyCount "86"]
[EventDate "2018.08.24"]
[EventType "swiss"]
[EventRounds "9"]
[EventCountry "AUT"]
[SourceTitle "CBM 186 Extra"]
[Source "ChessBase"]
[SourceDate "2018.08.24"]
[SourceVersion "1"]
[SourceVersionDate "2018.08.24"]
[SourceQuality "1"]

1. d4 Nf6 2. c4 e6 3. g3 c5 4. Nf3 cxd4 5. Nxd4 Nc6 6. Nc3 Qb6 7. Nf3 Bc5 8. e3 Be7 9. Bg2 0-0 10. 0-0 a6 11. Qe2 Qc7 12. e4 d6 13. b3 b6 14. Be3 Ng4 15. Bf4 Nge5 16. Be3 Ng4 17. Bg5 Nge5 18. Bxe7 Qxe7 19. Nxe5 dxe5 20. Rfd1 Bb7 21. Rd2 Rfd8 22. Rad1 Rd4 23. Qe3 Rad8 24. Ne2 Rxd2 25. Rxd2 Qc7 26. Qc3 Qe7 27. Rd3 f6 28. Qd2 Kf7 29. Kf1 Rxd3 30. Qxd3 Qc7 31. Ke1 Ke7 32. a3 Qd6 33. Qxd6+ Kxd6 34. Kd2 Kc5 35. Kc3 a5 36. Bh3 Bc8 37. Nc1 Nd4 38. b4+ axb4+ 39. axb4+ Kc6 40. Nb3 Nxb3 41. Kxb3 g5 42. Bg4 Bd7 43. Kc3 Kd6 1/2-1/2

[Event "Innsbruck op-B 2nd"]
[Site "Innsbruck"]
[Date "2018.08.28"]
[Round "5"]
[White "Pregl, Walter"]
[Black "Wischounig, Laurin"]
[Result "0-1"]
[WhiteElo "1976"]
[BlackElo "1900"]
[PlyCount "145"]
[EventDate "2018.08.24"]
[EventType "swiss"]
[EventRounds "9"]
[EventCountry "AUT"]
[SourceTitle "CBM 186 Extra"]
[Source "ChessBase"]
[SourceDate "2018.08.24"]
[SourceVersion "1"]
[SourceVersionDate "2018.08.24"]
[SourceQuality "1"]

1. d4 d5 2. Nf3 Nf6 3. Bf4 c5 4. e3 Nc6 5. c3 Bf5 6. Nbd2 e6 7. Be2 h6 8. h3 Bd6 9. Bh2 Bxh2 10. Nxh2 cxd4 11. exd4 0-0 12. 0-0 Qc7 13. Ndf3 Rab8 14. Qc1 b5 15. g4 Bg6 16. g5 hxg5 17. Qxg5 Ne4 18. Qh4 b4 19. Bd3 bxc3 20. bxc3 Qd8 21. Qxd8 Rfxd8 22. Rfe1 Na5 23. Ne5 Bf5 24. c4 f6 25. cxd5 exd5 26. Nef3 Rb2 27. Nh4 Bh7 28. Bxe4 dxe4 29. Red1 Nc6 30. d5 Nb4 31. d6 Nd3 32. Rdb1 Rxd6 33. Rxb2 Nxb2 34. Re1 Rd1 35. Rxd1 Nxd1 36. Nf1 Nc3 37. a3 Kf7 38. Ne3 Ke6 39. Nhg2 Nb5 40. Nc2 e3 41. Ngxe3 Bxc2 42. Nxc2 Kd5 43. Ne3+ Kc5 44. h4 g6 45. Ng4 Nxa3 46. Nxf6 Nc4 47. f4 a5 48. f5 gxf5 49. h5 Nd6 50. Nd7+ Kd5 51. h6 Nf7 52. h7 Ke6 53. Nc5+ Kf6 54. Kf2 Kg7 55. Ke3 Kxh7 56. Kd4 Kh6 57. Nd3 Kg5 58. Kc3 Nd6 59. Ne5 f4 60. Nf3+ Kg4 61. Ne5+ Kg3 62. Kd4 f3 63. Nxf3 Kxf3 64. Kc3 Ke4 65. Kb3 Kd4 66. Ka2 Kc3 67. Ka3 Nc4+ 68. Ka2 a4 69. Ka1 Kb3 70. Kb1 a3 71. Ka1 Ne3 72. Kb1 a2+ 73. Ka1 0-1